000 00639nam a2200229Ia 4500
003 OSt
005 20221007080539.0
006 a|||||r|||| 00| 0
007 ta
008 221006b |||||||| |||| 00| 0 eng d
024 _a20,320
037 _cTextual
040 _aFLL
_cFLL
_beng
041 _2eng
_aeng
082 _aV2:20g3(Q):9Z, L3;1
100 _aGhouse Mohammad
245 0 _aSecularism, society and law in India
260 _aNew Delhi
_bVikas Publishing House Pvt. Ltd. India
_c1973
300 _a254p
_ccm.
942 _hV2:20g3(Q):9Z, L3;1
_cTEXL
_2CC
999 _c1160054
_d1160054